000 00265nam a22001217a 4500
008 181008b xxu||||| |||| 00| 0 eng d
041 _aeng
080 _a159.9
100 _a48
101 _aPSI
245 _aSystems of Psychotherapy
_cFord,D.H
942 _2udc
_cBK
999 _c49043
_d49043